La aplicación del derecho a lo largo de la historia
-д хадгалсан:
| Байгууллагын зохиогч: | |
|---|---|
| Формат: | Ном |
| Хэл сонгох: | испани |
| Хэвлэсэн: |
Jaén
Universidad de Jaén
1997
|
| Нөхцлүүд: | |
| Шошгууд: |
Шошго нэмэх
Шошго байхгүй, Энэхүү баримтыг шошголох эхний хүн болох!
|
MARC
| LEADER | 00000nam a2200000 a 4500 | ||
|---|---|---|---|
| 001 | UCP3526 | ||
| 003 | CL-VaPUC | ||
| 005 | 20230331074322.0 | ||
| 008 | 990625e19970000sp 1 spa d | ||
| 082 | 0 | 4 | |a 340.09 |b UNI |2 21 |
| 110 | 2 | |a Universidad de Jaén |e author |9 619557 | |
| 245 | 1 | 3 | |a La aplicación del derecho a lo largo de la historia |
| 260 | |a Jaén |b Universidad de Jaén |c 1997 | ||
| 300 | |a 325 p | ||
| 583 | |a last modification |c 19990625 00:00:00 |k Rodrigo Vera | ||
| 650 | 0 | 0 | |a Historia del derecho |9 255109 |
| 650 | 0 | 0 | |a REFORMA AGRARIA |9 256789 |
| 650 | 0 | 0 | |a Justicia |9 255408 |
| 650 | 0 | 7 | |a LEGISLACION |2 CL-VaPUC |9 619558 |
| 650 | 0 | 0 | |a Juristas |9 255986 |
| 650 | 0 | 7 | |a DELITO DE LESIONES |2 CL-VaPUC |9 529120 |
| 651 | 0 | |a España |9 254926 | |
| 942 | |c BK | ||
| 945 | |a vberengu |d 19990625 00:00:00 | ||
| 546 | |a En Español | ||
| 536 | |a Universidad de Jaén | ||
| 518 | |p Jornadas de Historia del Derecho de la Universidad de Jaén, II, Jaén, 13-14 de diciembre 1996 | ||
| 999 | |c 383457 |d 383455 | ||
| 952 | |0 0 |1 0 |4 0 |6 340_090000000000000_UNI_1997 |7 0 |8 DER_HIS |9 505577 |a BIBDER |b BIBDER |d 2020-01-23 |i 3490025 |o 340.09 UNI 1997 |p 3490025 |r 2023-01-25 |w 2020-01-23 |x Ubicación 4to Piso |y BK |z Estos recursos deben solicitarse con anticipación |k DER | ||